| 000 | 00531nam a22001697a 4500 | ||
|---|---|---|---|
| 005 | 20250515151202.0 | ||
| 008 | 250515b |||||||| |||| 00| 0 eng d | ||
| 041 | _aeng | ||
| 082 |
_a712 _bJAG |
||
| 100 |
_aJagatap Tejashri _9212146 |
||
| 245 | _aBEyond The Templde: A Holisticm Approach To Pandhar"s 4 Assets Of Tourism | ||
| 260 |
_aPune _bBNCA M arch Landscape Architecture _c2025 |
||
| 300 |
_a149 Pages _bPb _c30 x 34 |
||
| 365 |
_aINR _b150.00 _cRupaye |
||
| 500 | _aBNCA M Arch Landscape Architecture Thesis | ||
| 942 | _cPR | ||
| 999 |
_c366380 _d366380 |
||